Trabajos prácticos castellano /
Guardado en:
| Autor Principal: | |
|---|---|
| Formato: | Libro |
| Publicado: |
Buenos Aires :
Stella,
1971
|
| Materias: | |
| Etiquetas: |
Agregar Etiqueta
Sin Etiquetas, Sea el primero en etiquetar este registro!
|
| LEADER | 00781nam a22001935a 4500 | ||
|---|---|---|---|
| 001 | CEM.cems001003 | ||
| 008 | 130507s1971##################000#0#####d | ||
| 005 | 20241204122121.0 | ||
| 245 | 1 | 0 | |a Trabajos prácticos castellano / |
| 260 | |a Buenos Aires : |b Stella, |c 1971 | ||
| 100 | 1 | |a Berenguer Carisomo, Arturo | |
| 082 | 0 | 4 | |a 468 |
| 653 | |a Castellano-enseñanza | ||
| 859 | |a CEMS |b BIB. CEMS - 11 de abril |h 468 |i B425/I |p 12638.83 |t Ej.2 | ||
| 859 | |a CEMS |b BIB. CEMS - 11 de abril |h 468 |i B425/I |p 12639.83 |t Ej.3 | ||
| 859 | |a CEMS |b BIB. CEMS - 11 de abril |h 468 |i B425/I |p 12640.83 |t Ej.4 | ||
| 859 | |a CEMS |b BIB. CEMS - 11 de abril |h 468 |i B425/I |p 12641.83 |t Ej.5 | ||
| 859 | |a CEMS |b BIB. CEMS - 11 de abril |h 468 |i B425/I |p 12642.83 |t Ej.6 | ||
| 859 | |a CEMS |b BIB. CEMS - 11 de abril |h 468 |i B425/I |p 12643.83 |t Ej.7 | ||
